Cashs T/B Of Chest ,Heart& Vascular Disorders for Physiotherapists (Record no. 835727)

MARC details
000 -LEADER
fixed length control field 00375pam a2200145a 44500
008 - FIXED-LENGTH DATA ELEMENTS--GENERAL INFORMATION
fixed length control field 230405s1987 xxu||||| |||| 00| 0 eng d
041 ## - LANGUAGE CODE
Language code of text/sound track or separate title ENG
100 ## - MAIN ENTRY--PERSONAL NAME
Personal name Downie P.A
245 ## - TITLE STATEMENT
Title Cashs T/B Of Chest ,Heart& Vascular Disorders for Physiotherapists
250 ## - EDITION STATEMENT
Edition statement 4 Ed.
260 ## - PUBLICATION, DISTRIBUTION, ETC.
Place of publication, distribution, etc. Delhi
Name of publisher, distributor, etc. Jaypee Brother
Date of publication, distribution, etc. 1987
300 ## - PHYSICAL DESCRIPTION
Extent 704;pb
650 ## - SUBJECT ADDED ENTRY--TOPICAL TERM
Topical term or geographic name entry element CARDIOLOGY
906 ## - LOCAL DATA ELEMENT F, LDF (RLIN)
a 39
Holdings
Withdrawn status Lost status Damaged status Not for loan Collection Home library Current library Date acquired Source of acquisition Cost, normal purchase price Total Checkouts Full call number Barcode Date last seen Date last checked out Price effective from Koha item type
          School of Physiotherapy, Sangli School of Physiotherapy, Sangli 25/06/2021 B.M.S.G.B. PUNE 695.00 6 612.76DOW PHS-184 15/12/2025 02/12/2025 17/08/2023 Book
          School of Physiotherapy, Sangli School of Physiotherapy, Sangli 25/06/2021 B.M.S.G.B. PUNE 695.00 2 612.76DOW PHS-183 22/04/2026 18/02/2025 17/08/2023 Book
          School of Physiotherapy, Sangli School of Physiotherapy, Sangli 25/06/2021 B.M.S.G.B. PUNE 695.00 5 612.76DOW PHS-182 01/11/2025 02/04/2025 17/08/2023 Book